Online
Catalog

Posibilidades de privatización económica en la República Dominicana / (Record no. 3855)

MARC details
000 -CABECERA
campo de control de longitud fija 01757nam a2200313 u 4500
001 - NÚMERO DE CONTROL
campo de control 000004036
003 - IDENTIFICADOR DEL NÚMERO DE CONTROL
campo de control DO-SdBNP
005 - FECHA Y HORA DE LA ÚLTIMA TRANSACCIÓN
campo de control 20260305073950.0
008 - DATOS DE LONGITUD FIJA--INFORMACIÓN GENERAL
campo de control de longitud fija 090716s1988 dr 001 0 spa d
040 ## - FUENTE DE LA CATALOGACIÓN
Centro catalogador/agencia de origen DO-SdBNP
Lengua de catalogación spa
Centro/agencia transcriptor BNPHU
082 #4 - NÚMERO DE LA CLASIFICACIÓN DECIMAL DEWEY
Número de clasificación 338.925
Número de documento/Ítem P855p
245 00 - MENCIÓN DE TÍTULO
Título Posibilidades de privatización económica en la República Dominicana /
Mención de responsabilidad, etc. editor, Frank Moya Pons.
260 ## - PUBLICACIÓN, DISTRIBUCIÓN, ETC.
Lugar de publicación, distribución, etc. Santo Domingo :
Nombre del editor, distribuidor, etc. FORUM,
Fecha de publicación, distribución, etc. 1988.
300 ## - DESCRIPCIÓN FÍSICA
Extensión 165 p. ;
Dimensiones 22 cm.
490 0# - MENCIÓN DE SERIE
Mención de serie FORUM ;
Designación de volumen o secuencia 28
500 ## - NOTA GENERAL
Nota general Incluye referencias bibliográficas y notas al pie de las páginas
504 ## - NOTA DE BIBLIOGRAFÍA, ETC.
Nota de bibliografía, etc. Bibliografía : p. 127
505 0# - NOTA DE CONTENIDO CON FORMATO
Información miscelánea Presentación --
Título Introducción /
Mención de responsabilidad Frank Moya Pons --
Título Filosofía de la privatización económica /
Mención de responsabilidad Hugh Brache --
Información miscelánea Debate --
Título Reorientación del papel de las empresas estatales en la economía dominicana /
Mención de responsabilidad Partenio Ortíz --
Título La privatización de las empresas del estado. Aspectos legales /
Mención de responsabilidad Luis Heredia Bonetti --
Información miscelánea Debate.
520 ## - SUMARIO, ETC.
Sumario, etc. Recoge las exposiciones que fueron presentadas en el Encuentro "Las Posibilidades de Privatización Económica en la República Dominicana", celebrado por FORUM, en el Hotel Santo Domingo Sur, el 21 de agosto de 1986.
590 ## - NOTA LOCAL (RLIN)
Nota local Inventariado, 2018/BT
650 #4 - PUNTO DE ACCESO ADICIONAL DE MATERIA--TÉRMINO DE MATERIA
Término de materia o nombre geográfico como elemento de entrada Privatización
Subdivisión geográfica República Dominicana
9 (RLIN) 12063
Subdivisión de forma Congresos, conferencias, etc.
650 #4 - PUNTO DE ACCESO ADICIONAL DE MATERIA--TÉRMINO DE MATERIA
Término de materia o nombre geográfico como elemento de entrada Empresas estatales
Subdivisión geográfica República Dominicana
9 (RLIN) 12064
Subdivisión de forma Congresos, conferencias, etc.
651 #4 - PUNTO DE ACCESO ADICIONAL DE MATERIA--NOMBRE GEOGRÁFICO
Nombre geográfico República Dominicana
Subdivisión general Condiciones económicas
9 (RLIN) 8547
Subdivisión de forma Congresos, conferencias, etc.
651 #4 - PUNTO DE ACCESO ADICIONAL DE MATERIA--NOMBRE GEOGRÁFICO
Nombre geográfico República Dominicana
Subdivisión general Política económica
9 (RLIN) 12065
Subdivisión de forma Congresos, conferencias, etc.
700 1# - PUNTO DE ACCESO ADICIONAL--NOMBRE DE PERSONA
Nombre de persona Moya Pons, Frank,
Fechas asociadas al nombre 1944-
Término indicativo de función/relación ed.
9 (RLIN) 2095
830 #0 - PUNTO DE ACCESO ADICIONAL DE SERIE-TÍTULO UNIFORME
Título uniforme FORUM ;
Número de parte o sección de la obra 28
9 (RLIN) 12066
910 ## - DATOS DE OPCIÓN DEL USUARIO (OCLC)
Datos de opción del usuario Validado. Control de calidad. EMS
942 ## - ELEMENTOS DE PUNTO DE ACCESO ADICIONAL (KOHA)
Fuente del sistema de clasificación o colocación Dewey Decimal Classification
Tipo de ítem Koha Libro
Holdings
Estado de retiro Estado de pérdida Restricciones de uso No para préstamo Código de colección Localización permanente Ubicación/localización actual Ubicación en estantería Fecha de adquisición Número de inventario Total de préstamos Signatura topográfica completa Código de barras Fecha visto por última vez Número de copia Precio válido a partir de Tipo de ítem Koha
        Dominicana de Servicio General General Depósito 16.07.2009 LF1   338.925 P855p 4036-30 25.06.2020 e. 3 25.06.2020 Libro y Folleto Colección Dominicana de Servicio
        Dominicana de Servicio General General Depósito 02.05.2012 LF1   338.925 P855p 4036-40 25.06.2020 e. 4 25.06.2020 Libro y Folleto Colección Dominicana de Servicio
      Excluido de préstamo Patrimonio Dominicano Patrimonio Dominicano Patrimonio Dominicano Depósito 16.07.2009 LF1   338.925 P855p 4036-10 25.06.2020   25.06.2020 Libro y Folleto Colección Patrimonio Dominicano
      Excluido de préstamo Patrimonio Dominicano Patrimonio Dominicano Patrimonio Dominicano Depósito 16.07.2009 LF1   338.925 P855p 4036-20 25.06.2020 e. 2 25.06.2020 Libro y Folleto Colección Patrimonio Dominicano

Powered by Koha